| 000 | 00433nam a22001697a 4500 | ||
|---|---|---|---|
| 999 |
_c6562 _d6562 |
||
| 003 | GBCCL | ||
| 005 | 20241126110606.0 | ||
| 008 | 180518b ||||| |||| 00| 0 eng d | ||
| 040 | _cgbc | ||
| 082 |
_a220.601 _bDOD |
||
| 100 |
_aDodd, Norman _911755 |
||
| 245 |
_aHermeneutics / _cNorman Dodd |
||
| 260 |
_bGospel Literature Service, _aBombay: _c1981 |
||
| 300 |
_a59 p.; _c18 cm. |
||
| 650 |
_aHermeneutics _91913 |
||
| 942 |
_2ddc _cBK _02 |
||